Portal de información sobre recursos fitogenéticos (Registro nro. 11295)

Detalles MARC
000 -CABECERA
Campo de control 004020000a22001330004500
090 ## - CLASIFICACIÓN LOCAL
Colección AR
Consecutivo 02223
041 0# - IDIOMA
Código de idioma para texto/pista de sonido o título separado
245 10 - MENCION DE TITULO
Título Portal de información sobre recursos fitogenéticos
650 14 - ASIENTO SECUNDARIO DE MATERIA - TERMINO TEMATICO
Término temático o nombre geográfico como elemento de entrada Filogenética
650 14 - ASIENTO SECUNDARIO DE MATERIA - TERMINO TEMATICO
Término temático o nombre geográfico como elemento de entrada Agrobiodiversidad
650 14 - ASIENTO SECUNDARIO DE MATERIA - TERMINO TEMATICO
Término temático o nombre geográfico como elemento de entrada Sistemas de información geográfica
773 1# - Item fuente:
Título Boletín de las Américas
Especificación de materiales 124
Descripción física 1
Paginas del Articulo 1-17
Lugar, editorial y fecha de publicación 2001
Información sobre la relación 7
942 ## - ELEMENTOS ADICIONALES (KOHA)
Tipo de ítem Artículo
Existencias
Withdrawn status Lost status Damaged status No para préstamo Colección Ubicación Permanente Ubicación actual Fecha de adquisición Fuente de Valor Datos de publicación Seriada Total Checkouts Número topográfico Inventario / Código de Barras Date last seen Ejemplar Price effective from Forma de adquisición Tipo de material
      No para Préstamo Hemeroteca Bogotá Bogotá 27/02/2015 Academia Colombiana de Ciencias Exactas, Físicas y Naturales Fuera de circulación   AR 02223 013820 25/03/2015 1 25/03/2015   Artículo